000 00286nam a22001217a 4500
008 181010b xxu||||| |||| 00| 0 eng d
041 _aeng
080 _a159.9
100 _a48
101 _aPSI
245 _aSocial research and Children and Adolescents
_cStanley,B
942 _2udc
_cBK
999 _c49270
_d49270